00278cam a22000977a 4500008004000000082002100040245005600061260002200117300001100139500003000150180718b1982 xxu||||| |||| 00| 0 eng d aY1182x5451 An24r aReport of the commission for irrigation utilisation aHyderabadbc1982 a180+p. aContents : Library has 2v